Der ungarische Revisionismus nach dem Ersten Weltkrieg der publizistische Kampf gegen den Friedensvertrag von Trianon (1918-1931)

Bibliographic Details
Main Author: Kovács-Bertrand, Anikó (Author)
Format: Book
Language:German
PhysicalDescription:318 s. mp. 25 cm
Published: München R. Oldenbourg 1997
ISBN:3486562894
Series:Südosteuropäische Arbeiten
Subjects:

MARC

LEADER 00000nam a2200000 a 4500
001 vtls001326087
003 SK-MaSNL
005 20260301005601.0
008 251113s1997 gw ba r y ger
015 |a SNBZSA1998-00233 
020 |a 3486562894 
035 |a SNK000278855 
035 |a urn:nbn:sk:snk-amkhh1 
035 |a urn:nbn:sk:snk-am008gjb 
035 |a 5F726317-7B67-4FBF-92EF-6EB14038D884 
040 |a SNK  |b slo  |c SNK  |e AACR2 
041 0 |a ger 
044 |a DE 
080 |a 943.9"1918/1931"=30  |2 1981 
080 |a 327.35(439:437.6)"1918/1931"=30  |2 1981 
100 1 |a Kovács-Bertrand, Anikó  |4 aut  |9 290115 
245 1 4 |a Der ungarische Revisionismus nach dem Ersten Weltkrieg  |b der publizistische Kampf gegen den Friedensvertrag von Trianon (1918-1931)  |c Anikó Kovács-Bertrand 
260 |a München  |b R. Oldenbourg  |c 1997 
300 |a 318 s.  |b mp.  |c 25 cm 
490 1 |a Südosteuropäische Arbeiten  |v 99 
500 |a Rozlož. tit. strana 
504 |a Bibliogr. s. 296-313. Zoz. máp. Men. reg. 
630 0 7 |a Treaty of Peace between the Allied and Associated Powers and Hungary (1920 jún 4.)  |2 SNKPH  |9 189441 
650 0 7 |a revizionizmus  |2 SNK  |9 80167 
651 7 |a Maďarsko  |2 SNK  |9 16754 
655 7 |a monografie  |2 SNK  |9 70139 
830 0 |a Südosteuropäische Arbeiten  |9 283504 
919 |a 3-486-56289-4 
958 |a ZS 
958 |a TL 
958 |a HU 
958 |a NB 
999 |c 545586  |d 547516 
952 |t P60, <03>, [BOOK], {603}  |a SNK  |b SNK  |y PREZ  |7 0  |p 17A0128428  |o snkSC 95609  |i snkV 391/98  |0 0  |1 0  |4 0  |d 1998-03-31  |f 1  |l 0  |r 2025-09-12 00:00:00  |w 2026-02-23